LEADER 01137nam a2200301 i 4500 001 000000144844 003 CaOOAMICUS 005 20240409103718.0 008 051110s1987 it u000 u mul u 013 $a120207 020 $a88-06-59903-8 040 $aSeMil$bita 100 1 $aCummings, Edward Estlin <1894-1962>.$0(OLS)http://semarc/name/17452 245 10$aPoesie /$cE. E. Cummings ; traduzione di Mary de Rachewiltz. 260 $aTorino :$bEinaudi,$ccopyr. 1987. 300 $aXV, 274 p. ;$c20 cm. 490 0 $aGli struzzi ;$v322 500 $aTesto inglese a fronte. - Fondo Ciprandi. 700 1 $aRachewiltz, Mary : de,$d<1925- >.$0(OLS)http://semarc/name/16910 830 4$aGli struzzi ;$v322.$0(OLS)http://semarc/title/6903 850 $aSeMil 852 $aSeMil$W1$xVenegono$y1$m1W I 138$j97686$B97686$CSeMilBibl$Z2$F105546 $81 941 1 $a1 961 $aOmaggio: Ciprandi dott. Paolo 996 $6020$a88-06-59903-8$9(OLS)http://semarc/number/133244 996 $6245$aPoesie$9(OLS)http://semarc/title/2285 996 $6260$aTorino :$bEinaudi$9(OLS)http://semarc/publisher/29884 LEADER 01148nam a2200241 i 4500 001 000000222989 003 CaOOAMICUS 005 20131002000000.0 008 131002n it u000 u ita u 013 $a201886 040 $aSeMil$bita 100 1 $aMaritain, Jacques,$d<1882-1973>.$0(OLS)http://semarc/name/1393 245 10$aA propos de l'Eglise du ciel =$bA proposito della Chiesa del cielo /$cJacques Maritain. 246 01$aA proposito della Chiesa del cielo 260 $a[S.l. :$bs.n.],$c[1963?] 300 $a1 v. ;$c20 cm. 500 $aQuesto scritto è il risultato d'un incontro tenuto il 28 maggio 1963 con i Petits Frères de Jésus, studenti a Tolosa. 650 4$aMaritain, Jacques <1882-1973> - Spiritualità.$0(OLS)http://semarc/subject/33172 850 $aSeMil 852 $aSeMil$W1$xVenegono$y1$m5D V 23/1$j173335$B173335$CSeMilBibl$Z2$F183706 $81 996 $6245$aA propos de l'Eglise du ciel =$bA proposito della Chiesa del cielo$9(OLS)http://semarc/title/319820 996 $6246$aA proposito della Chiesa del cielo$9(OLS)http://semarc/title/319821 996 $6260$a[S.l. :$bs.n.]$9(OLS)http://semarc/publisher/29751